00369 a2200121 4500001001000000005001700010008004100027245005000068100002700118700002200145773006300167999001700230ART_1142920260410161857.0260409a 10aIndicadores del sistema bancario de Córdoba1 aNeder, Ángel Enrique1 aMautino, Leonardo0 tRevista de Economíag- Nº 74 (jul./sep. 1994)wREV11077 c25566d25566